000 01209nam a2200313Ia 4500
001 Z_6374
008 220601s9999 xx 000 0 und d
020 _a978-970-26-1196-7
082 _a519.5 B55
100 _aBilar, R. Clifford
_9183609
240 _aBioestatistics for the health sciences
245 _aBioestadística / R. Clifford Bilar y Richard A. Taylor; traducción Anaid González Sarmiento; revisión técnica Horacio Mauricio Rodríguez Morales ...[et.al.]
260 _aMéxico : Pearson Educación
300 _a538 p.
500 _aTraducción de la obra en inglés: Bioestatistics for the health sciences
503 _aej.1: 0102 \ ej.2: 0103
504 _aBibliografía: p. 527 - 529
650 _a1. Biometría
650 _aAnálisis de varianza
_95977
650 _aProbabilidades
_991687
650 _aEstadística noparamétrica
_938263
650 _aDiseños experimentales
_932735
700 _aTaylor, Richard A., coaut. \ González Sarmiento, Anaid, tr. \ Rodríguez Morales, Horacio Mauricio, rev.Ì
_9183611
901 _a519.5 B55
902 _aM
905 _a523227 2008 mx mnt 8221113311spa16
942 _c1
999 _c217124
_d217124